Entry Topical Term
Number of records used in: 1
001 - CONTROL NUMBER
003 - CONTROL NUMBER IDENTIFIER
005 - DATE AND TIME OF LATEST TRANSACTION
- control field:
20160530124025.0
008 - FIXED-LENGTH DATA ELEMENTS
- fixed length control field:
160530|| aca||aabn | a|a d
040 ## - CATALOGING SOURCE
- Original cataloging agency:
OSt
- Transcribing agency:
OSt
150 ## - HEADING--TOPICAL TERM
- Topical term or geographic name as entry element:
250
670 ## - SOURCE DATA FOUND
- Source citation:
Work cat.: (OSt): Bojworth, Michael T & others 1525, Customer Centric Selling